Loading...
| History - European History | 0 | 7 | 0 | 1 | 70 | 68 | 100.57 | 2 | 7 |
| Science - Biology | 3 | 2 | 1 | 0 | 60 | 42 | 65.40 | 4 | 5 |
| Science - Chemistry | 0 | 5 | 0 | 2 | 50 | 57 | 96.00 | 2 | 5 |
| History - American History | 0 | 5 | 0 | 2 | 50 | 84 | 119.60 | 1 | 5 |
| Philosophy | 0 | 4 | 0 | 1 | 40 | 85 | 106.75 | 0 | 4 |
| Science - Other Science | 0 | 3 | 0 | 0 | 30 | 122 | 126.67 | 0 | 3 |
| Literature - British Literature | 0 | 4 | 2 | 1 | 30 | 114 | 128.50 | 0 | 4 |
| Science - Physics | 0 | 3 | 1 | 1 | 25 | 69 | 91.33 | 2 | 3 |
| History - Other History | 1 | 1 | 0 | 0 | 25 | 53 | 95.50 | 1 | 2 |
| Literature - European Literature | 0 | 3 | 1 | 1 | 25 | 131 | 133.67 | 0 | 3 |
| Fine Arts - Visual Fine Arts | 0 | 2 | 0 | 0 | 20 | 84 | 85.50 | 1 | 2 |
| Literature - American Literature | 0 | 2 | 0 | 2 | 20 | 128 | 129.00 | 1 | 2 |
| History - World History | 0 | 2 | 1 | 1 | 15 | 99 | 121.00 | 0 | 2 |
| Religion | 0 | 2 | 1 | 0 | 15 | 91 | 104.00 | 1 | 2 |
| Social Science | 0 | 1 | 0 | 0 | 10 | 102 | 102.00 | 0 | 1 |
| Fine Arts - Other Fine Arts | 0 | 1 | 0 | 0 | 10 | 127 | 127.00 | 0 | 1 |
| Geography | 0 | 1 | 0 | 1 | 10 | 131 | 131.00 | 0 | 1 |
| Literature - World Literature | 0 | 1 | 0 | 0 | 10 | 130 | 130.00 | 0 | 1 |
| Other Academic | 0 | 1 | 0 | 0 | 10 | 121 | 121.00 | 0 | 1 |
| Current Events | 0 | 1 | 0 | 0 | 10 | 97 | 97.00 | 1 | 1 |
| Fine Arts - Auditory Fine Arts | 0 | 0 | 1 | 0 | -5 | 0.00 | 0 | 0 |